Odmena za vynález vzniknutý v zamestnaneckom pomere

Problematika ochrany vynálezov - záujmy zamestnancov a zamestnávateľa. Investície do nehmotných aktív a stanovenie výšky odmeny pôvodcovi vynálezu. Odporúčanie inštitúciám v záujme predchádzania súdnych sporov pri stanovení výšky odmeny pôvodcovi vynálezu.

Gespeichert in:
Bibliographische Detailangaben
1. Verfasser: Kardoš, Peter
Weitere Verfasser: Jakubec, Miroslav
Format: Buchkapitel
Sprache:Slowakisch
Schlagworte:
Tags: Tag hinzufügen
Keine Tags, Fügen Sie das erste Tag hinzu!

MARC

LEADER 00000naa a2200000 4500
001 0210622
005 20240527083028.0
041 0 |a slo 
044 |a SK 
245 1 0 |a Odmena za vynález vzniknutý v zamestnaneckom pomere  |c Peter Kardoš, Miroslav Jakubec 
520 |a Problematika ochrany vynálezov - záujmy zamestnancov a zamestnávateľa. Investície do nehmotných aktív a stanovenie výšky odmeny pôvodcovi vynálezu. Odporúčanie inštitúciám v záujme predchádzania súdnych sporov pri stanovení výšky odmeny pôvodcovi vynálezu. 
610 2 0 |a právo autorské 
610 2 0 |a ochrana autorstva 
610 2 0 |a aktíva nehmotné 
610 2 0 |a patenty 
610 2 0 |a vynálezy 
610 2 0 |a vzory chránené 
610 2 0 |a odmeny 
610 2 0 |a znalci 
610 2 0 |a znalectvo 
100 1 |a Kardoš, Peter 
700 1 |a Jakubec, Miroslav